|
|
|
|
| LEADER |
01207nam a2200337 a 4500 |
| 001 |
EBC3306654 |
| 003 |
MiAaPQ |
| 005 |
20200520144314.0 |
| 006 |
m o d | |
| 007 |
cr cn||||||||| |
| 008 |
040812s2004 caua s 000 0 eng |
| 010 |
|
|
|z 2004557397
|
| 020 |
|
|
|z 0738453137
|
| 035 |
|
|
|a (MiAaPQ)EBC3306654
|
| 035 |
|
|
|a (Au-PeEL)EBL3306654
|
| 035 |
|
|
|a (CaPaEBR)ebr10112699
|
| 035 |
|
|
|a (OCoLC)939263386
|
| 040 |
|
|
|a MiAaPQ
|c MiAaPQ
|d MiAaPQ
|
| 050 |
|
4 |
|a TK5105.888
|b .M667 2004
|
| 082 |
0 |
4 |
|a 005.2/762
|2 22
|
| 245 |
0 |
0 |
|a More about high-volume Web sites
|h [electronic resource] /
|c authored by the high-volume web sites team.
|
| 250 |
|
|
|a 2nd ed.
|
| 260 |
|
|
|a [San Jose, Calif.] :
|b International Technical Support organization,
|c 2004.
|
| 300 |
|
|
|a 174 p. :
|b ill.
|
| 490 |
1 |
|
|a IBM redbooks
|
| 533 |
|
|
|a Electronic reproduction. Ann Arbor, MI : ProQuest, 2015. Available via World Wide Web. Access may be limited to ProQuest affiliated libraries.
|
| 650 |
|
0 |
|a Web site development.
|
| 655 |
|
4 |
|a Electronic books.
|
| 710 |
2 |
|
|a ProQuest (Firm)
|
| 830 |
|
0 |
|a IBM redbooks.
|
| 856 |
4 |
0 |
|u https://ebookcentral.proquest.com/lib/matrademy/detail.action?docID=3306654
|z Click to View
|